Statistics for FIFA 23 Showdown Series + Past Promos

Click here to take the quiz!

General Stats

  • This quiz has been taken 24 times
    (12 since last reset)
  • The average score is 25 of 56

Answer Stats

ctratposclubplayer% Correct
Past PromosTOTY HM92STTottenham HotspurHarry Kane
91%
Past PromosTOTY HM90CMBarcelonaPedri
91%
Past PromosCenturions86CBInter MilanAlessandro Bastoni
82%
Past PromosOTW86RWManchester UnitedAntony
82%
Past PromosOTW90STManchester CityErling Haaland
82%
Past PromosOTW89CFAS RomaPaulo Dybala
82%
Past PromosCenturions90RBLiverpoolTrent Alexander-Arnold
82%
Past PromosCenturions89CMParis Saint-GermainMarco Verratti
73%
Past PromosOut of Pos87LMManchester UnitecFred
64%
Past PromosCenturions89GKJuventusWojciech Szczęsny
64%
Showdown Series90CBArsenalBen White
55%
Showdown Series99CDMArsenalDeclan Rice
55%
Past PromosWW89RWArsenalGabriel Jesus
55%
Past PromosWW92CMReal MadridKarim Benzema
55%
Past PromosTOTW 1486CMLazioLuis Alberto
55%
Past PromosTOTW 1388CBBayern MunichMatthijs de Ligt
55%
Showdown Series94LWManchester CityPhil Foden
55%
Past PromosRulebreakers84RBBorussia DortmundThomas Meunier
55%
Showdown Series89RBBorussia DortmundThomas Meunier
55%
Showdown Series88CMReal MadridDani Ceballos
45%
Past PromosRulebreakers89STInter MilanEdin Džeko
45%
Showdown Series92CMManchester Cityİlkay Gündoğan
45%
Past PromosRulebreakers86RBSevillaJesús Navas
45%
Past PromosCenturions87RMReal BetisJoaquín
45%
Showdown Series89CBManchester CityJohn Stones
45%
Showdown Series89CAMNottingham ForestMorgan Gibbs-White
45%
Showdown Series88RWBAtlético MadridNahuel Molina
45%
Past PromosWW86CAMAC MilanBrahim Díaz
36%
Showdown Series89CMParis Saint-GermainCarlos Soler
36%
Showdown Series87CAMNapoliEljif Elmas
36%
Showdown Series93RBSevillaGonzalo Montiel
36%
MLS Player PickOBJ87CFNashville SCHany Mukhtar
36%
Showdown Series90CAMLiverpoolHarvey Elliot
36%
Showdown Series92CFInter MilanJoaquín Correa
36%
Showdown Series89CDMJuventusManuel Locatelli
36%
Showdown Series96STInter MilanMarcus Thuram
36%
Showdown Series97CAMManchester UnitedMason Mount
36%
Showdown Series89LWLazioMattia Zaccagni
36%
Past PromosOut of Pos83STMarseilleSouleymane Touré
36%
Showdown Series88STManchester UnitedWout Weghorst
36%
Showdown Series87STTorinoAntonio Sanabria
27%
Showdown Series87RWBRB LeipzigBenjamin Henrichs
27%
Showdown Series90CDMPortland TimbersDiego Chará
27%
Showdown Series91CMAS RomaGeorginio Wijnaldum
27%
Showdown Series87RMNewcastleJacob Murphy
27%
Showdown Series89LMBorussia DortmundJamie Bynoe-Gittens
27%
Showdown Series87LBUnion BerlinJérôme Roussillon
27%
Showdown Series90RWFiorentinaJonathan Ikoné
27%
Showdown Series92CAMWest Ham UnitedLucas Paquetá
27%
Showdown Series89STWolverhampton WanderersMatheus Cunha
27%
Showdown Series90CAMPortland TimbersYimmi Chará
27%
Showdown Series90RBSeattle SoundersAlex Roldán
18%
Showdown Series90RMSeattle SoundersCristian Roldan
18%
Showdown Series96CMAC MilanRuben Loftus-Cheek
18%
Showdown Series87CBMarseilleSead Kolašinac
18%
MLS Player PickOBJ87CBNew York CityThiago Martins
0%

Score Distribution

Percentile by Number Answered

Percent of People with Each Score

Your Score History

You have not taken this quiz since the last reset